000 00659nab a2200193 4500
001 244442
003 OSt
005 20230829113210.0
007 tu
008 200917s2020|||||||
040 _aDE-2950
_cDE-2950
245 0 0 _a14.000 Gäste feiern friedlich
_bFestival. Nach vier Tagen Musik und Workshops am Helenesee ist das "Bucht der Träumer" zu Ende gegangen. Veranstalter und Polizei ziehen ein positives Fazit/
_cLisa Mahlke
264 _c2023
653 _aFrankfurt (Oder)
653 _aHelenesee
653 _aBucht der Träumer
773 0 _g34. Jahrgang (2023) Nr. 196 vom 23.08.2023, S. 15, mit Foto
_tMärkische Oderzeitung
942 _2z
_cA
999 _c372707
_d372707